UFC - Most Significant Strikes Landed (All-Time) - Statistics

General Stats
  • This quiz has been taken 13 times
  • The average score is 3 of 10
Answer Stats
Total # of Sig. Strikes Answer % Correct
3681 Max Holloway
92%
2307 Sean Strickland
58%
1815 Alexander Volkanovski
33%
1861 Dustin Poirier
33%
1801 Frankie Edgar
33%
2242 Angela Hill
25%
1822 Rafael Dos Anjos
17%
2024 Bobby 'King' Green
8%
1824 Jessica Andrade
8%
1754 Joanna Jedrzejczyk
8%
No matching quizzes found
Score Distribution
Percent of People with Each Score
Percentile by Number Answered
Your Score History
You have not taken this quiz